Malaysia

Bibliographic Details
Main Author: Muhammad Harun
Format: Book
Published: Selangor : Karisma Publications Sdn Bhd , 2001
Series:Siri negara-negara ASEAN
Subjects:

MARC

LEADER 00000cam a2200000 7i4500
001 0000047073
005 20150414.0
008 150414
020 |a 9789832328162 
020 |a 9832328160 
020 |a 9832328438(set) 
090 0 0 |a 959   |b MUH 
100 1 |a Muhammad Harun 
245 1 0 |a Malaysia   |c Muhammad Harun 
260 |a Selangor :   |b Karisma Publications Sdn Bhd ,   |c 2001 
490 1 |a Siri negara-negara ASEAN 
650 0 |a Malaysia 
999 |a 0000876740   |b Book   |c Adult Collection   |e Cawangan Pontian 
999 |a 0000876743   |b Book   |c Adult Collection   |e Cawangan Segamat 
999 |a 0000876745   |b Book   |c Adult Collection   |e Cawangan Mersing 
999 |a 0000876746   |b Book   |c Adult Collection   |e Cawangan Bandar Penawar 
999 |a 0000876747   |b Book   |c Adult Collection   |e Cawangan Tmn. Ungku Tun Aminah